Indian theatre: traditions of performance (Record no. 605107)

MARC details
000 -LEADER
fixed length control field 00802nam a2200241Ia 4500
003 - CONTROL NUMBER IDENTIFIER
control field OSt
005 - DATE AND TIME OF LATEST TRANSACTION
control field 20251016165247.0
008 - FIXED-LENGTH DATA ELEMENTS--GENERAL INFORMATION
fixed length control field 220923b |||||||| |||| 00| 0 eng d
020 ## - INTERNATIONAL STANDARD BOOK NUMBER
International Standard Book Number 9788120809819
037 ## - SOURCE OF ACQUISITION
Terms of availability General Book
040 ## - CATALOGING SOURCE
Original cataloging agency RTL
Transcribing agency RTL
Language of cataloging eng
041 ## - LANGUAGE CODE
Source of code eng
Language code of text/sound track or separate title eng
084 ## - COLON CLASSIFICATION NUMBER
Classification number Y:3(NT).2.N, N0
Assigning agency RTL
245 #0 - TITLE STATEMENT
Title Indian theatre: traditions of performance
260 ## - PUBLICATION, DISTRIBUTION, ETC.
Place of publication, distribution, etc. New Delhi
Name of publisher, distributor, etc. Motilal Banarsidas Publishers
Date of publication, distribution, etc. 1990
300 ## - PHYSICAL DESCRIPTION
Extent xvi, 487 p.
Dimensions cm.
Other physical details Includes bibliographical references and index.
650 ## - SUBJECT ADDED ENTRY--TOPICAL TERM
Topical term or geographic name entry element Sociology
9 (RLIN) 848641
700 ## - ADDED ENTRY--PERSONAL NAME
Personal name Richmond, Farley P.
Relator term Editor
9 (RLIN) 848642
700 ## - ADDED ENTRY--PERSONAL NAME
Personal name Swann, Darius L.
Relator term Editor
9 (RLIN) 848643
700 ## - ADDED ENTRY--PERSONAL NAME
Personal name Zarrilli, Phillip B.
Relator term Editor
9 (RLIN) 848644
942 ## - ADDED ENTRY ELEMENTS (KOHA)
Classification part Y:3(NT).2.N, N0
Koha item type General Books
Source of classification or shelving scheme Colon Classification (CC)
Suppress in OPAC No
Holdings
Withdrawn status Lost status Source of classification or shelving scheme Damaged status Not for loan Home library Current library Date acquired Total Checkouts Full call number Barcode Date last seen Price effective from Koha item type
    Colon Classification (CC)     Ratan Tata Library Ratan Tata Library 2022-09-26   Y:3(NT).2.N, N0 RT1388921 2022-09-26 2022-09-26 General Books
Copyright @ Delhi University Library System